Structural surveys of dwelling houses ... enlarged to include structural surveys of flats and new dwellings ... with a chapter on the legal position of the surveyor by Anthony Boswood (Record no. 87578)

MARC details
000 -LEADER
fixed length control field 00854cam a2200265 4500
008 - FIXED-LENGTH DATA ELEMENTS--GENERAL INFORMATION
fixed length control field 090401t1974 xxu||||| |||| 00| 0 eng d
020 ## - INTERNATIONAL STANDARD BOOK NUMBER
International Standard Book Number 0728200112
035 ## - SYSTEM CONTROL NUMBER
System control number (Sirsi) u18193
041 ## - LANGUAGE CODE
Language code of text/sound track or separate title eng
050 ## - LIBRARY OF CONGRESS CALL NUMBER
Classification number 690.2
100 ## - MAIN ENTRY--PERSONAL NAME
Personal name Melville, Ian A.
245 ## - TITLE STATEMENT
Title Structural surveys of dwelling houses ... enlarged to include structural surveys of flats and new dwellings ... with a chapter on the legal position of the surveyor by Anthony Boswood
250 ## - EDITION STATEMENT
Edition statement 2nd ed.
260 ## - PUBLICATION, DISTRIBUTION, ETC.
Place of publication, distribution, etc. London
Name of publisher, distributor, etc. Estates Gazette
Date of publication, distribution, etc. 1974
300 ## - PHYSICAL DESCRIPTION
Extent xiv,426p. : ill. ; 22cm.
350 ## - PRICE (NR) (BK AM CF MU VM SE) [OBSOLETE]
Price 11
520 ## - SUMMARY, ETC.
Summary, etc. 1985 reprint of 2nd ed.
650 ## - SUBJECT ADDED ENTRY--TOPICAL TERM
Topical term or geographic name entry element BOSWOOD ANTHONY
650 ## - SUBJECT ADDED ENTRY--TOPICAL TERM
Topical term or geographic name entry element HOUSING
650 ## - SUBJECT ADDED ENTRY--TOPICAL TERM
Topical term or geographic name entry element BUILT ENVIRONMENT-BUILDING SURVEYING-STRUCTURAL SURVEYING
650 ## - SUBJECT ADDED ENTRY--TOPICAL TERM
Topical term or geographic name entry element Survey reports
9 (RLIN) 6270
700 ## - ADDED ENTRY--PERSONAL NAME
Personal name Gordon, Ian A.
942 ## - ADDED ENTRY ELEMENTS (KOHA)
Suppress in OPAC 0
948 ## - LOCAL PROCESSING INFORMATION (OCLC); SERIES PART DESIGNATOR (RLIN)
c (OCLC) 04/03/1997
Holdings
Withdrawn status Lost status Source of classification or shelving scheme Damaged status Not for loan Home library Current library Shelving location Date acquired Cost, normal purchase price Total Checkouts Full call number Barcode Date last seen Date last checked out Copy number Cost, replacement price Price effective from Koha item type
    Dewey Decimal Classification     London London Basement 14/09/1999 11.00 5 SHELF 313 30020682 06/08/2019 22/02/2002 1 11.00 06/08/2019 Book